000
00279nam a2200109Ia 4500
008
200302s9999 xx 000 0 und d
100
_a
Alex Sanchez Vidiella
245
_a
Step OutSide Urban Terraces & Balconies
260
_b
Loft Publishing
260
_c
2009
300
_a
215 P.,
999
_c
3030
_d
3030